Statistiques concernant Les ministres sous la Ve République

Cliquez ici pour prendre le quiz!

Statistiques générales

  • Ce quiz a été pris 639 fois
    (272 depuis la dernière actualisation)
  • Le résultat moyen est 76 sur 493

Statistiques - réponses

Poste(s) occupé(s)Ministre% Correct
Ministre délégué chargé des Relations avec le Parlement
Ministre de l'Agriculture et du Développement rural
Ministre de l'Intérieur
Premier Ministre
Ministre de l'Economie, des Finances et de la Privatisation
Jacques Chirac
81%
Ministre du Budget
Ministre de la Communication
Ministre de l'Intérieur, de la Sécurité intérieure et des Libertés locales
Ministre d'Etat, ministre de l'Economie, des Finances et de l'Industrie
Ministre d'Etat, ministre de l'Intérieur et de l'Aménagement du Territoire
Nicolas Sarkozy
81%
Ministre délégué aux Transports
Ministre de la Transition écologique et solidaire
Ministre du Travail, de l'Emploi et de l'Insertion
Premier Ministre
Elisabeth Borne
79%
Ministre délégué chargé des Comptes publics
Ministre de l'Education Nationale et de la Jeunesse
Gabriel Attal
79%
Ministre de l'Economie, de l'Industrie et du NumériqueEmmanuel Macron
77%
Ministre délégué chargé de la Famille et des Personnes âgéesHélène Dorlhac de Borne
77%
Ministre de l'Enseignement supérieur et de la Recherche
Ministre des Technologies, de l'Information et de la Poste
Ministre délégué à la Poste, aux Télécommunications et à l'Espace
Ministre des Affaires sociales, du Travail et de la Solidarité
Ministre de l'Education nationale, de l'Enseignement supérieur et de la Recherche
Premier Ministre
Ministre de l'Ecologie, du Développement durable, des Transports et du Logement
François Fillon
74%
Premier Ministre
Ministre de l'Education nationale
Georges Pompidou
72%
Ministre de l'Intérieur
Premier Ministre
Manuel Valls
71%
Ministre de l'Action et des Comptes publics
Ministre de l'Intérieur
Gérald Darmanin
70%
Ministre délégué au Budget
Ministre des Affaires étrangères
Premier Ministre
Ministre d'Etat, ministre de l'Ecologie, du Développement et de l'Aménagement durables
Ministre d'Etat, ministre de la Défense et des Anciens combattants
Alain Juppé
68%
Premier Ministre
Ministre de l'Intérieur
Edouard Philippe
68%
Ministre d'Etat, Ministre de l'Education nationale, de la Recherche et des Sports
Ministre d'Etat, Ministre de l'Education nationale, de la Jeunesse et des Sports
Ministre d'Etat, Ministre de l'Education nationale
Premier Ministre
Lionel Jospin
68%
Ministre de l'Environnement
Ministre délégué chargé de l'Environnement
Ministre délégué à la Famille et à l'Enfance
Ministre délégué à la Famille, à l'Enfance et aux Personnes handicapées
Ministre de l'Ecologie, du Développement durable et de l'Energie
Ministre de l'Environnement, de l'Energie et de la Mer, chargée des relations internationales sur le climat
Ségolène Royal
68%
Ministre de la Culture et de la CommunicationFrédéric Mitterrand
65%
Premier MinistreJean Castex
65%
Ministre de l'Agriculture
Ministre du Commerce extérieur et du Tourisme
Ministre du Redéploiement industriel et du Commerce extérieur
Ministre des Affaires européennes
Premier Ministre
Edith Cresson
62%
Garde des Sceaux, Ministre de la JusticeRachida Dati
62%
Ministre des Finances et des Affaires économiques
Ministre de l'Economie et des Finances
Ministre d'Etat, Ministre de l'Economie et des Finances
Valéry Giscard d'Estaing
62%
Ministre des Affaires étrangères, de la Coopération et de la Francophonie
Ministre des Affaires étrangères
Ministre de l'Intérieur, de la Sécurité intérieure et des Libertés locales
Premier Ministre
Ministre délégué à la Promotion de l'égalité des chances
Dominique de Villepin
60%
Ministre délégué aux Affaires européennes
Ministre délégué au Budget
Ministre de l'Intérieur
Premier Ministre
Bernard Cazeneuve
58%
Ministre de l'Alimentation, de l'Agriculture et de la Pêche
Ministre de l'Agriculture, de l'Alimentation, de la Pêche, de la Ruralité et de l'Aménagement du Territoire
Ministre de l'Economie
Ministre de l'Economie et des Finances
Ministre de l'Economie, des Finances et de la Relance
Ministre de l'Economie, des Finances et de la Souveraineté numérique et industrielle
Bruno Le Maire
58%
Premier Ministre
Ministre des Affaires étrangères et du Développement international
Jean-Marc Ayrault
58%
Ministre d'Etat, chargé de l'Economie, des Finances et de la Privatisation
Premier Ministre
Edouard Balladur
57%
Premier MinistreJacques Chaban-Delmas
57%
Ministre délégué chargé du Budget
Ministre de l'Industrie et de la Recherche
Premier Ministre
Ministre de l'Economie, des Finances et de l'Industrie
Ministre des Affaires étrangères
Ministre des Affaires étrangères et du Développement international
Laurent Fabius
57%
Ministre de la CoopérationBernard Debré
56%
Ministre de l'IntérieurJean-Louis Debré
56%
Premier Ministre
Ministre de l'Education nationale
Ministre de l'Economie et des Finances
Ministre des Affaires étrangères
Ministre d'Etat, chargé de la Défense nationale
Michel Debré
56%
Ministre de l'Ecologie et du Développement durable
Ministre de la Santé, de la Jeunesse et des Sports
Ministre de la Santé, de la Jeunesse, des Sports et de la Vie associative
Ministre de la Santé et des Sports
Ministre des Solidarités et de la Cohésion sociale
Ministre de la Culture
Roselyne Bachelot
54%
Garde des Sceaux, Ministre de la JusticeEric Dupond-Moretti
53%
Ministre des Solidarités et de la Santé
Ministre délégué aux Relations avec le Parlement
Ministre chargé du Renouveau démocratique, Porte-parole du gouvernement
Olivier Véran
52%
Ministre des Affaires sociales et de la Solidarité nationale
Ministre de l'Economie et des Finances
Ministre d'Etat, ministre de l'Economie, des Finances et du Budget
Premier Ministre
Ministre de la Défense
Pierre Bérégovoy
52%
Garde des Sceaux, Ministre de la JusticeChristiane Taubira
50%
Ministre des PME, du Commerce et de l'Artisanat
Premier Ministre
Jean-Pierre Raffarin
50%
Ministre d'Etat, ministre du Plan et de l'Aménagement du Territoire
Ministre de l'Agriculture
Premier Ministre
Michel Rocard
50%
Ministre de l'Education nationale et de la JeunessePap Ndiaye
50%
Ministre de l'Education nationale
Ministre de l'Education nationale, de la Jeunesse et des Sports
Jean-Michel Blanquer
48%
Ministre du Commerce extérieur
Premier Ministre
Ministre de l'Economie et des Finances
Ministre chargé des Réformes administratives
Raymond Barre
48%
Ministre de l'Enseignement supérieur et de la Recherche
Ministre du Budget, des Comptes publics et de la Réforme de l'Etat
Valérie Pécresse
48%
Ministre de la Défense
Ministre de l'Europe et des Affaires étrangères
Jean-Yves Le Drian
47%
Ministre de l'Education nationale
Ministre de l'Education nationale, de l'Enseignement supérieur, de la Recherche et de l'Insertion professionnelle
Ministre de l'Education nationale, de l'Enseignement supérieur et de la Recherche
Ministre d'Etat, Garde des Sceaux, Ministre de la Justice
François Bayrou
46%
Ministre d'Etat, Ministre de la Transition écologique et solidaireNicolas Hulot
46%
Premier MinistrePierre Mauroy
46%
Ministre délégué à l'Industrie et au Commerce extérieur
Ministre de l'Industrie et du Commerce extérieur
Ministre de l'Economie, des Finances et de l'Industrie
Dominique Strauss-Kahn
45%
Ministre de la Culture
Ministre délégué à la Culture
Ministre de la Culture et de la Communication
Ministre de la Culture, de la Communication, des Grands Travaux et du Bicentenaire
Ministre d'Etat chargé de l'Education nationale et de la Culture
Ministre de l'Education nationale
Jack Lang
44%
Ministre délégué à l'Enseignement progessionnelJean-Luc Mélenchon
44%
Ministre des Droits des femmes
Ministre des Droits des femmes, de la Ville, de la Jeunesse et des Sports
Ministre de l'Education nationale, de l'Enseignement supérieur et de la Recherche
Najat Vallaud-Belkacem
43%
Ministre délégué à l'Economie sociale et solidaire
Ministre de l'Education nationale, de l'Enseignement supérieur et de la Recherche
Benoit Hamon
42%
Ministre délégué à la CitoyennetéMarlène Schiappa
42%
Ministre des Affaires étrangères
Ministre de l'Economie et des Finances
Premier Ministre
Maurice Couve de Murville
42%
Ministre des Armées
Ministre d'Etat, chargé des DOM et TOM
Premier Ministre
Garde des Sceaux, Ministre de la Justice
Pierre Messmer
42%
Ministre d'Etat, Ministre de l'IntérieurGérard Collomb
41%
Ministre de la Jeunesse et des Sports
Ministre de la Défense et des Anciens Combattants
Ministre de la Défense
Ministre de l'Intérieur, de l'Outre-Mer et des Collectivités territoriales
Ministre d'Etat, Garde des Sceaux, Ministre de la Justice et des Libertés
Ministre d'Etat, Ministre des Affaires étrangères et européennes
Michèle Alliot-Marie
41%
Ministre de l'IntérieurChristophe Castaner
40%
Ministre délégué
Ministre de l'Economie et des Finances
Ministre de la Fonction publique et de la Réforme de l'Etat
Ministre du Travail, de l'Emploi, de la Formation professionnelle et du Dialogue social
Ministre des Finances et des Comptes publics
Ministre de l'Economie et des Finances
Michel Sapin
40%
Ministre des Sports, des Jeux Olympiques et ParalympiquesAmélie Oudéa-Castéra
37%
Ministre délégué au Commerce extérieur
Ministre de l'Agriculture et de la Pêche
Ministre de l'Economie, des Finances et de l'Emploi
Ministre de l'Economie, de l'Industrie et de l'Emploi
Ministre de l'Economie, des Finances et de l'Industrie
Christine Lagarde
37%
Ministre du Travail, de l'Emploi et de la Formation professionnelle
Ministre de l'Emploi et de la Solidarité
Martine Aubry
37%
Ministre de la Santé
Ministre de la Santé et de la Sécurité sociale
Ministre de la Santé et de la Famille
Ministre d'Etat, ministre des Affaires sociales, de la Santé et de la Ville
Simone Veil
37%
Ministre du Redressement productif
Ministre de l'Economie, du Redressement productif et du
Numérique
Arnaud Montebourg
36%
Ministre de l'Intérieur
Ministre de la Défense
Ministre d'Etat, Ministre de l'Intérieur et de l'Aménagement du Territoire
Charles Pasqua
36%
Ministre des Solidarités et des FamillesAurore Bergé
34%
Ministre des SportsDavid Douillet
34%
Ministre des SportsLaura Flessel
34%
Garde des Sceaux, Ministre de la JusticeRobert Badinter
34%
Ministre délégué aux Collectivités territoriales
Ministre des Outre-Mer
Ministre des Armées
Sébastien Lecornu
34%
Ministre délégué aux Collectivités territoriales
Ministre de l'Immigration, de l'Intégration, de l'Identité nationale et du Codéveloppement
Ministre de l'Immigration, de l'Intégration, de l'Identité nationale et du Développement solidaire
Ministre du Travail, des Relations sociales, de la Famille, de la Solidarité et de la Ville
Ministre de l'Intérieur, de l'Outre-Mer et des Collectivités territoriales
Ministre de l'Intérieur, de l'Outre-Mer, des Collectivités territoriales et de l'Immigration
Brice Hortefeux
32%
Ministre du Travail, de l'Emploi, de la Formation professionnelle et du Dialogue socialMyriam El Khomri
32%
Ministre de l'Agriculture et de l'Agroalimentaire
Ministre de l'Agriculture, de l'Agroalimentaire et de la Forêt
Stéphane Le Foll
32%
Ministre d'Etat
Ministre d'Etat, chargé des Affaires Culturelles
André Malraux
31%
Ministre de la Santé et de la PréventionFrançois Braun
31%
Ministre délégué à la Ville
Ministre délégué à la Ville et à la Rénovation urbaine
Ministre de l'Emploi, du Travail et de la Cohésion sociale
Ministre de l'Emploi, de la Cohésion sociale et du Logement
Ministre de l'Economie, des Finances et de l'Emploi
Ministre d'Etat, ministre de l'Ecologie, du Développement et de l'Aménagement durables
Ministre d'Etat, ministre de l'Ecologie, de l'Energie, du Développement durable et de l'Aménagement du territoire
Ministre d'État, Ministre de l'Écologie, de l'Énergie, du Développement durable et de la Mer, en charge des Technologies vertes et des Négociations sur le climat
Jean-Louis Borloo
31%
Ministre délégué chargé des Personnes âgéesThéo Braun
31%
Ministre des Solidarités et de la SantéAgnès Buzyn
30%
Ministre délégué aux Affaires européennes
Ministre de l'Europe et des Affaires étrangères
Catherine Colonna
30%
Ministre délégué chargé des Collectivités territoriales
Ministre de la Transition écologique et de la Cohésion des territoires
Christophe Béchu
30%
Ministre de l’Intérieur, de l’Outre-Mer, des Collectivités territoriales et de l’ImmigrationClaude Guéant
30%
Ministre délégué chargé de l'Europe
Ministre délégué chargé des Transports
Clément Beaune
30%
Ministre délégué aux PME, à l'Innovation et à l'Economie numérique
Ministre de la Culture et de la Communication
Fleur Pellerin
30%
Ministre des ArméesFlorence Parly
30%
Ministre de la Culture
Ministre délégué au Commerce extérieur et à l'Attractivité
Ministre délégué chargé de l'Attractivité du commerce extérieur
Ministre délégué chargé des Relations avec le Parlement
Franck Riester
30%
Ministre de la DéfenseHervé Morin
30%
Ministre d'Etat, ministre de la Recherche et de la Technologie
Ministre de la Recherche et de l'Industrie
Ministre de l'Education nationale
Ministre de la Défense
Ministre de l'Intérieur
Jean-Pierre Chevènement
30%
Ministre des Affaires sociales et de la Santé
Ministre des Affaires sociales, de la Santé et des Droits des femmes
Marisol Touraine
30%
Ministre délégué aux Comptes publics
Ministre du Travail
Olivier Dussopt
30%
Ministre de la VilleBernard Tapie
29%
Ministre de l'Egalité des territoires et du LogementCécile Duflot
29%
Ministre de la Transition écologique et solidaireBarbara Pompili
28%
Ministre délégué au TourismeLéon Bertrand
28%
Ministre de la Jeunesse, de l'Education nationale et de la RechercheLuc Ferry
28%
Ministre de la Santé et des Solidarités
Ministre du Travail, des Relations sociales et de la Solidarité
Ministre du Travail, des Relations sociales, de la Famille et de la Solidarité
Ministre du Travail, de l'Emploi et de la Santé
Xavier Bertrand
28%
Ministre de la Transition énergétique | Ministre délégué à l'IndustrieAgnès Pannier-Runacher
27%
Ministre de l'Agriculture
Ministre de l'Education nationale
Ministre d'Etat, chargé des Affaires sociales
Edgar Faure
27%
Garde des Sceaux, Ministre de la Justice
Ministre d'Etat, ministre de l'Equipement et du Logement
Maurice Faure
27%
Ministre de l'Ecologie, du Développement durable et de l'EnergiePhilippe Martin
27%
Ministre du Logement et de la Ville
Ministre du Logement
Christine Boutin
26%
Ministre de l'Outre-Mer
Ministre de l'Intérieur et de l'Aménagement du Territoire
Ministre du Budget, des Comptes publics et de la Réforme de l'Etat
Ministre du Budget, des Comptes publics, de la Fonction publique et de la Réforme de l’État
Ministre de l'Economie, des Finances et de l'Industrie
François Baroin
26%
Ministre d'Etat, ministre de l'Intérieur et de la Décentralisation
Ministre d'Etat chargé du Plan et de l'Aménagement du Territoire
Gaston Defferre
26%
Ministre délégué à la Ville et au Logement
Ministre de l'Agriculture et de l'Alimentation
Julien Denormandie
26%
Ministre délégué aux Relations avec le Parlement
Ministre délégué aux Relations avec le Parlement et à la Participation citoyenne
Ministre de l'Agriculture et de la Souveraineté alimentaire
Marc Fesneau
26%
Ministre de l'Ecologie, du Développement durable, des Transports et du LogementNathalie Kosciusko-Morizet
26%
Ministre de la CultureRima Abdul Malak
26%
Ministre des Sports
Ministre délégué aux Sports
Roxana Maracineanu
26%
Ministre de l'Education nationaleVincent Peillon
26%
Ministre délégué aux TransportsJean-Baptiste Djebbari
25%
Ministre délégué à l'Intérieur
Ministre délégué au Budget et à la Réforme budgetaire
Jean-François Copé
25%
Ministre délégué aux Affaires européennes
Ministre de l'Enseignement supérieur et de la Recherche
Laurent Wauquiez
25%
Ministre de l'Education nationale
Ministre d'Etat, chargé des Affaires algériennes
Ministre d'Etat, chargé de la Réforme administrative
Garde des Sceaux, Ministre de la Justice
Louis Joxe
25%
Garde des Sceaux, Ministre de la JusticeNicole Belloubet
25%
Ministre de l'Industrie
Ministre de l'Intérieur et de la Décentralisation
Ministre de l'Intérieur
Ministre de la Défense
Pierre Joxe
25%
Ministre délégué chargé des Affaires européennes
Ministre de l'Economie, des Finances et du Commerce extérieur
Ministre de l'Economie et des Finances
Pierre Moscovici
24%
Ministre de la Transformation et de la Fonction publique
Ministre de la Transition écologique et de la Cohésion des territoires
Amélie de Montchalin
23%
Ministre de la Santé et de l'Action humanitaire
Ministre délégué à la Santé
Ministre des Affaires étrangères et européennes
Bernard Kouchner
23%
Ministre du Budget, des Comptes publics et de la Fonction publique
Ministre du Budget, des Comptes publics, de la Fonction publique et de la Réforme de l'Etat
Ministre du Travail, de la Solidarité et de la Fonction publique
Eric Woerth
23%
Ministre délégué au BudgetJérôme Cahuzac
23%
Ministre de l'Education nationale
Ministre de l'Education nationale, de la Jeunesse et de la Vie associative
Luc Chatel
23%
Ministre du TravailMuriel Pénicaud
23%
Ministre de l'Enseignement supérieur et de la RechercheSylvie Retailleau
23%
Ministre délégué
Ministre de l'Ecologie, du Développement durable et de l'Energie
Delphine Batho
22%
Ministre de l'Economie et des FinancesJacques Delors
22%
Ministre de la Cohésion des territoiresRichard Ferrand
22%
Ministre de l'Industrie, des P. et T. et du Tourisme
Ministre des Entreprises et du Développement économique
Ministre délégué chargé des PME, du Commerce et de l'Artisanat
Ministre de l'Economie et des Finances
Alain Madelin
21%
Ministre de la Culture et de la CommunicationAudrey Azoulay
21%
Ministre de la Culture et de la CommunicationAurélie Filippetti
21%
Ministre d'Etat, Ministre de la Transition écologique et solidaireFrançois de Rugy
21%
Ministre délégué à la Santé
Ministre de la Culture
Ministre de la Santé et de la Protection sociale
Ministre des Solidarités, de la Santé et de la Famille
Ministre des Affaires étrangères
Philippe Douste-Blazy
21%
Ministre des Affaires sociales et de l'EmploiPhilippe Séguin
21%
Ministre de la Transformation et de la Fonction publiqueStanislas Guerini
21%
Ministre de l'Economie, des Finances et de l'IndustrieThierry Breton
21%
Ministre de la Santé et de la PréventionAurélien Rousseau
20%
Ministre de l'Enseignement supérieur, de la Recherche et de l'InnovationFrédérique Vidal
20%
Ministre des Affaires européennes
Ministre des Relations extérieures
Ministre d'Etat, ministre des Affaires étrangères
Roland Dumas
20%
Ministre chargé de la Cohésion sociale et de la ParitéCatherine Vautrin
19%
Ministre délégué à l'Aménagement du Territoire
Ministre délégué à l'Industrie
Christian Estrosi
19%
Ministre des Solidarités de l'Autonomie et des Personnes handicapéesDamien Abad
19%
Ministre délégué chargé des Affaires européennes
Garde des Sceaux, Ministre de la Justice
Ministre de l'Emploi et de la Solidarité
Elisabeth Guigou
19%
Ministre de la Culture et de la Communication
Ministre d'Etat, Ministre de la Défense
François Léotard
19%
Ministre de la Culture et de la Francophonie
Garde des Sceaux, Ministre de la Justice
Jacques Toubon
19%
Ministre délégué à l'Apprentissage et à la Formation professionnelleNadine Morano
19%
Ministre des Outre-MerYaël Braun Pivet
19%
Ministre de l'Aménagement du territoire et de l'EnvironnementDominique Voynet
18%
Ministre délégué au LogementEmmanuelle Wargon
18%
Ministre délégué
Ministre de la Cohésion des Territoires
Ministre de la Cohésion des Territoires et des Relations avec les collectivités territoriales
Jacqueline Gourault
18%
Ministre de la Fonction publique
Ministre des Outre-Mer
Ministre de la Mer
Annick Girardin
17%
Ministre de l'Outre-Mer
Ministre délégué à la Coopération, au Développement et à la Francophonie
Brigitte Girardin
17%
Ministre de l'IntérieurBruno Le Roux
17%
Ministre de la CultureFrançoise Nyssen
17%
Ministre du Travail, de l'Emploi et du Dialogue social
Ministre du Travail, de l'Emploi, de la Formation professionnelle et du Dialogue social
François Rebsamen
17%
Ministre de la Jeunesse et des SportsMarie-George Buffet
17%
Ministre de l'Environnement
Ministre délégué aux Affaires européennes
Ministre des Affaires étrangères
Ministre de l'Agriculture et de la Pêche
Michel Barnier
17%
Ministre délégué à l'Enseignement scolaire
Ministre délégué à la Coopération, au Développement et à la Francophonie
Ministre de l'Education nationale
Ministre du Travail, des Relations sociales, de la Famille, de la Solidarité et de la Ville
Xavier Darcos
17%
Ministre de l'Education nationale, de la Recherche et de la TechnologieClaude Allègre
16%
Ministre délégué chargé de la Coopération et du DéveloppementJean-Pierre Cot
16%
Ministre délégué à l'Autonomie
Ministre de la Santé et de la Prévention
Brigitte Bourguignon
15%
Ministre délégué chargé de la Santé et de la Protection sociale
Ministre de la Solidarité, de la Santé et de la Protection sociale
Ministre des Affaires sociales et de la Solidarité
Claude Evin
15%
Ministre de l'Agriculture et de l'AlimentationDidier Guillaume
15%
Ministre des Départements et Territoire d'Outre-Mer
Ministre de la Fonction publique, de a Réforme de l'Etat et de la Décentralisation
Garde des Sceaux, Ministre de la Justice
Ministre des Transports, de l'Equipement, du Tourisme et de la Mer
Dominique Perben
15%
Ministre du Logement, de l'Egalité des Territoires et de la Ruralité
Ministre du Logement et de l'Habitat durable
Emmanuelle Cosse
15%
Ministre de l'AgricultureFrançois Guillaume
15%
Ministre délégué aux Relations du Travail
Ministre délégué à l'Emploi, au Travail et à l'Insertion professionnelle des jeunes
Gérard Larcher
15%
Ministre de l'Equipement, des Transports, du Logement, du Tourisme et de la Mer
Ministre de l'Equipement, des Transports, et l'Aménagement du Territoire, du Tourisme et de la Mer
Ministre de l'Education nationale, de l'Enseignement supérieur et de la Recherche
Gilles de Robien
15%
Ministre des Affaires étrangèresHubert Védrine
15%
Ministre de l'Agriculture et de l'Alimentation
Ministre de la Cohésion des Territoires
Jacques Mézard
15%
Garde des Sceaux, Ministre de la JusticeJean-Jacques Urvoas
15%
Ministre délégué aux Affaires européennesMarielle de Sarnez
15%
Garde des Sceaux, Ministre de la Justice
Ministre de la Réforme de l'Etat, de la Décentralisation et de la Fonction publique
Ministre de la Décentralisation et de la Fonction publique
Marylise Lebranchu
15%
Ministre déléguée chargée des Petites et Moyennes Entreprises,
du Commerce, de l'Artisanat et du Tourisme
Olivia Grégoire
15%
Ministre du Commerce extérieurAndré Rossi
14%
Ministre des Finances et des Affaires économiquesAntoine Pinay
14%
Ministre délégué à la Mémoire et aux Anciens combattants
Ministre déléguée chargée des Personnes handicapées
Geneviève Darrieussecq
14%
Ministre de l'Industrie, des P. et T. et du Commerce extérieurJosé Rossi
14%
Ministre de l'EnvironnementCorinne Lepage
13%
Ministre de l'Economie, des Finances et de l'IndustrieFrancis Mer
13%
Ministre délégué à l'Enseignement supérieur et à la RechercheFrançois Goulard
13%
Ministre délégué aux P. et T.
Ministre de l'Industrie, des P. et T. et du Commerce extérieur
Gérard Longuet
13%
Garde des Sceaux, Ministre de la Justice
Ministre d'Etat
Ministre d'Etat, ministre du Plan et de l'Aménagement du Territoire
Jean Lecanuet
13%
Ministre de l'IntérieurMatthias Fekl
13%
Ministre de la Fonction publique
Ministre de l'Agriculture
Ministre de la Santé publique et de la Sécurité sociale
Ministre délégué chargé des Relations avec le Parlement
Ministre chargé des Relations avec le Parlement
Ministre délégué à l'Economie et aux Finances
Ministre du Travail et de la Participation
Robert Boulin
13%
Ministre délégué à l'Artisanat, au Commerce et au Tourisme
Ministre de l'Artisanat, du Commerce et du Tourisme
Ministre du Logement et de l'Egalité des territoires
Ministre du Logement, de l'Egalité des territoires et de la Ruralité
Sylvia Pinel
13%
Ministre des ArméesSylvie Goulard
13%
Ministre de l'Industrie
Ministre de la Défense
André Giraud
12%
Ministre délégué chargé de l'Environnement et de la Prévention des risques technologiques et naturels majeurs
Ministre de l'Environnement
Brice Lalonde
12%
Ministre de la Culture et de la CommunicationCatherine Trautmann
12%
Ministre de la DéfenseCharles Hernu
12%
Ministre de la Cohésion des Territoires et des Relations avec les Collectivités territorialesJoël Giraud
12%
Ministre du Travail, de l'Emploi et de la Formation professionnelleMichel Giraud
12%
Ministre délégué chargé de l'IndustrieRoland Lescure
12%
Ministre de la DéfenseAlain Richard
11%
Ministre déléguée chargée de l'Égalité entre les femmes et les hommes, de la Diversité et de l'Égalité des chancesBérangère Couillard
11%
Ministre délégué à la Famille
Ministre délégué aux PME, au Commerce, à l'Artisanat, aux Professions libérales et à la Consommation
Ministre aux PME, au Commerce, à l'Artisanat, aux Professions libérales et à la Consommation
Ministre de la Fonction publique
Christian Jacob
11%
Ministre des Relations avec le Parlement
Ministre de l'Intérieur
Daniel Vaillant
11%
Ministre délégué à l'Egalité entre les femmes et les hommes, de la Diversité et de l'Egalité des chancesElisabeth Moreno
11%
Ministre du Commerce et de l'Artisanat
Ministre de la Santé et de la Sécurité sociale
Ministre du Travail, du Dialogue social et de la Participation
Ministre du Travail et des Affaires sociales
Jacques Barrot
11%
Ministre de l'Aménagement du territoire, de la Ville et de l'IntégrationJean-Claude Gaudin
11%
Ministre délégué chargé de la Transition numérique et des TélécommunicationsJean-Noël Barrot
11%
Ministre de l'Equipement, du Logement, des Transports et de la Mer
Ministre délégué chargé du Logement
Ministre de l'Immigration, de l'Intégration, de l'Identité nationale et du Développement solidaire
Ministre délégué à l'Industrie, à l'Energie et à l'Economie numérique
Louis Besson
11%
Ministre de la Mer
Ministre des Départements et Territoires d'Outre-Mer
Ministre de l'Agriculture et de la Pêche
Louis Le Pensec
11%
Ministre du BudgetMaurice Papon
11%
Ministre de la Santé sociale et de la Sécurité sociale
Ministre d'Etat, ministre de l'Intérieur
Michel Poniatowski
11%
Ministre délégué à la VilleNadia Hai
11%
Ministre délégué aux Affaires européennesNathalie Loiseau
11%
Ministre délégué chargé de la Ville et du LogementOlivier Klein
11%
Ministre délégué chargé du LogementPatrice Vergriete
11%
Ministre délégué aux Affaires européennes
Ministre de la Culture et de la Communication
Renaud Donnedieu de Vabres
11%
Ministre de l'Industrie, du Commerce et de l'Artisanat
Ministre de l'Economie
Ministre de l'Education nationale
René Monory
11%
Garde des Sceaux, Ministre de la JusticeRené Pleven
11%
Ministre de l'Agriculture et de l'AlimentationStéphane Travert
11%
Ministre délégué aux TransportsThierry Mariani
11%
Ministre délégué chargé des Comptes publicsThomas Cazenave
11%
Ministre délégué chargé des Rapatriés
Ministre de l'Information
Ministre délégué chargé de la Recherche scientifique, Questions atomiques et spatiales
Ministre de l'Education nationale
Ministre délégué chargé des Réformes administratives
Ministre des Affaires culturelles et de l'Environnement
Garde des Sceaux, Ministre de la Justice
Alain Peyrefitte
10%
Ministre de l'Agriculture et de la PêcheFrançois Patriat
10%
Ministre délégué à la Réussite éducative
Ministre des Outre-Mer
George Pau-Langevin
10%
Ministre de la Jeunesse, des Sports et des Loisirs
Ministre du Travail, de l'Emploi et de la Formation professionnelle
Ministre d'Etat, ministre de la Fonction publique et de la
Modernisation administrative
Ministre de l'Agriculture et du Développement rural
Jean-Pierre Soisson
10%
Ministre de la Famille, de l'Enfance et des Droits des femmesLaurence Rossignol
10%
Ministre délégué au Commerce extérieurMichel Noir
10%
Ministre délégué aux Relations avec l'Assemblée nationale
Garde des Sceaux, ministre de la Justice
Pascal Clément
10%
Ministre de la Ville, de la Jeunesse et des SportsPatrick Kanner
10%
Ministre de l'Agriculture
Ministre de l'Equipement, du Logement, de l'Aménagement du Territoire et des Transports
Ministre d'Etat, Garde des Sceaux, Ministre de la Justice
Pierre Méhaignerie
10%
Ministre déléguée chargée de l'Organisation territoriale et des Professions de santéAgnès Firmin-Le Bodo
9%
Ministre délégué chargé de la Communication
Ministre délégué chargé de la Francophonie
Ministre de la Culture et de la Communication
Catherine Tasca
9%
Ministre des SportsChantal Jouanno
9%
Ministre de la DéfenseCharles Millon
9%
Ministre de l'Agriculture
Ministre de l'Intérieur
Christian Bonnet
9%
Ministre de la Culture et de la CommunicationChristine Albanel
9%
Ministre de l'EconomieEdmond Alphandéry
9%
Garde des Sceaux, Ministre de la Justice
Ministre d'Etat, chargé de la Fonction publique
Ministre d'Etat
Ministre d'Etat, chargé des Affaires culturelles
Edmond Michelet
9%
Ministre délégué à la VilleFrançois Lamy
9%
Ministre de la Jeunesse et des Sports
Ministre délégué à la Jeunesse et aux Sports
Guy Drut
9%
Ministre de l'Agriculture, de la Pêche et des Affaires rurales
Ministre de l'Agriculture, de l'Alimentation, de la Pêche et des Affaires rurales
Ministre de l'Ecologie et du Développement durable
Ministre de l'Economie, des Finances et de l'Industrie
Hervé Gaymard
9%
Ministre des Sports
Ministre de la Jeunesse, des Sports et de la Vie associative
Jean-François Lamour
9%
Ministre de l'Agriculture et de la PêcheJean Glavany
9%
Ministre des Affaires européennesJean Leonetti
9%
Ministre délégué pour l'Aménagement du Territoire
Ministre d'Etat, chargé de la Recherche scientifique, Questions atomiques et spatiales
Ministre d'Etat, chargé des Affaires sociales
Ministre des Affaires Etrangères
Maurice Schumann
9%
Ministre de l'Ecologie, du Développement durable et de l'Energie
Ministre du Commerce extérieur
Nicole Bricq
9%
Ministre délégué aux Affaires européennesNoëlle Lenoir
9%
Ministre délégué à la Sécurité sociale, aux Personnes âgées, aux Personnes handicapées et à la Famille
Ministre de la Santé, des Solidarités, de la Sécurité sociale, des Personnes âgées, des Personnes handicapées et de la Famille
Philippe Bas
9%
Ministre de la Santé Publique et de la Population
Ministre de l'Industrie
Ministre délégué chargé du Plan et de l'Aménagement du Territoire
Ministre de l'Intérieur
Ministre de l'Agriculture et du Développement rural
Raymond Marcellin
9%
Ministre du Commerce et de l'Artisanat
Ministre de la Défense
Yvon Bourges
9%
Ministre délégué au Budget
Ministre délégué au Budget et à la Réforme budgetaire
Alain Lambert
8%
Ministre de l'Education nationaleAlain Savary
8%
Ministre de l'Economie, des Finances et de l'IndustrieChristian Sautter
8%
Ministre délégué à la VilleClaude Bartolone
8%
Ministre déléguée à l'Egalite femmes-hommes et à la Diversité
Ministre déléguée chargée de l'Égalité entre les femmes et les
hommes, de la Diversité et de l'Égalité des chances
Isabelle Lonvis-Rome
8%
Ministre de la Culture et de la CommunicationJean-Jacques Aillagon
8%
Ministre de l'Environnement
Ministre du Commerce et de l'Artisanat
Ministre du Commerce, de l'Artisanat et du Tourisme
Garde des Sceaux, Ministre de la Justice
Michel Crépeau
8%
Ministre d'Etat, chargé de la CoopérationPierre Pflimlin
8%
Ministre délégué à la Recherche et à l'Enseignement supérieurAlain Devaquet
7%
Ministre délégué chargé de la Fonction publique et des
Réformes administratives
Anicet le Pors
7%
Ministre déléguée chargée de l'Enseignement et de la Formation professionnelsCarole Grandjean
7%
Ministre de l'Agriculture, de l'Alimentation, de la Pêche et de la Ruralité
Ministre de l'Agriculture et de la Pêche
Dominique Bussereau
7%
Ministre du TourismeFrançoise de Panafieu
7%
Ministre délégué
Ministre délégué à la Communication
Ministre délégué chargé des Affaires étrangères
Georges Kiejman
7%
Ministre des Affaires sociales et de la Solidarité nationale
Ministre délégué chargé de la Famille, des Droits de la Femme, de la Solidarité et des Rapatriés
Georgina Dufoix
7%
Ministre de l'Agriculture
Ministre de l'Agriculture et de la Forêt
Garde des Sceaux, Ministre de la Justice
Henri Nallet
7%
Ministre d'Etat
Ministre d'Etat chargé du Tourisme
Ministre délégué chargé des Départements et Territoires d'Outre-Mer
Henri Rey
7%
Ministre délégué à la Fonction publique et au Plan
Ministre du Logement
Ministre des Affaires étrangères
Hervé de Charette
7%
Ministre de l'Outre-MerHervé Mariton
7%
Ministre du Développement économique et du Plan
Ministre de l'Economie et des Finances
Jean Arthuis
7%
Ministre des Affaires étrangèresJean François-Poncet
7%
Ministre délégué chargé de la SantéLéon Schwartzenberg
7%
Ministre délégué chargé du Logement et du Cadre de VieMarie-Noëlle Lienemann
7%
Ministre de l'Espace rural et de l'Aménagement du territoire
Garde des Sceaux, Ministre de la Justice et des Libertés
Michel Mercier
7%
Ministre délégué chargé du Commerce extérieur, de
l'Attractivité et des Français de l'étranger
Olivier Becht
7%
Ministre de l'Industrie
Ministre délégué chargé du Plan et de l'Aménagement du Territoire
Ministre de l'Education nationale
Ministre de l'Aménagement du Territoire, de l'Equipement, du Logement et du Tourisme
Ministre d'Etat, chargé de l'Aménagement du Territoire, de l'Equipement et des Transports
Ministre d'Etat, garde des Sceaux, Ministre de la Justice
Olivier Guichard
7%
Ministre délégué aux Libertés sociales
Ministre délégué à l'Industrie
Ministre délégué à la Mise en œuvre du Plan de relance
Patrick Devedjian
7%
Ministre délégué aux Relations avec le ParlementPatrick Ollier
7%
Ministre délégué chargé de l'Intérieur
Ministre de l'Intérieur
Philippe Marchand
7%
Ministre délégué chargé des Outre-merPhilippe Vigier
7%
Ministre de l'Information
Ministre délégué
Ministre de l'Intérieur
Ministre de l'Intérieur et des Rapatriés
Ministre d'Etat, chargé des Relations avec le Parlement
Ministre d'Etat, chargé des Réformes administratives
Roger Frey
7%
Ministre de la RechercheRoger-Gérard Schwartzenberg
7%
Ministre des Sports, de la Jeunesse, de l'Education populaire et de la Vie associativeValérie Fourneyron
7%
Ministre délégué aux Français de l'étranger et à la Francophonie
Ministre délégué à la Francophonie
Yamina Benguigui
7%
Ministre des Départements et Territoires d'Outre-Mer
Ministre de l'Aménagement du Territoire, de l'Equipement et des Transports
Ministre de l'Equipement, du Logement, des Transports et du Tourisme
Bernard Pons
6%
Ministre déléguée chargée des Collectivités territorialesCaroline Cayeux
6%
Ministre délégué chargé de l'Information
Ministre de l'Education nationale
Ministre de l'Intérieur
Christian Fouchet
6%
Ministre des Postes et Télécommunications
Ministre chargé des Relations avec le Parlement
Hubert Germain
6%
Ministre de l'Agriculture
Ministre des Affaires culturelles
Jacques Duhamel
6%
Ministre de la Coopération et du DéveloppementJacques Pelletier
6%
Ministre délégué chargé des Outre-MerJean-François Carenco
6%
Ministre délégué chargé du Tourisme
Ministre de l'Aménagement du Territoire, de la Ruralité et des Collectivités territoriales
Jean-Michel Baylet
6%
Ministre conseillerLéopold Sédar Senghor
6%
Ministre de l'Equipement et des Transport
Ministre des Transports
Ministre de l'Agriculture et de la Forêt
Ministre des Relations avec le Parlement
Louis Mermaz
6%
Ministre délégué chargé du Budget
Ministre du Budget
Michel Charasse
6%
Ministre de l'Industrie
Ministre de l'Industrie et de la Recherche
Ministre de la Culture et de l'Environnement
Ministre de l'Environnement et du Cadre de Vie
Ministre de la Culture et de la Communication
Michel d'Ornano
6%
Ministre d'Etat, ministre du Commerce extérieur | Ministre des Affaires étrangèresMichel Jobert
6%
Garde des Sceaux, Ministre de la JusticeMichel Vauzelle
6%
Ministre délégué chargé de la Condition féminine
Ministre délégué chargé de la Famille et de la Condition féminine
Monique Pelletier
6%
Ministre délégué à l'IndustrieNicole Fontaine
6%
Ministre de l'Agriculture et de l'Alimentation
Ministre de l'Agriculture, de la Pêche et de l'Alimentation
Philippe Vasseur
6%
Ministre déléguée chargée de la VilleSabrina Agresti-Roubache
6%
Ministre délégué aux PMEAlain Griset
5%
Ministre des Postes et Télécommunications
Ministre de l'Industrie
Ministre délégué chargé du Plan et de l'Aménagement du Territoire
Ministre des Affaires culturelles
Ministre délégué
Ministre des Affaires étrangères
André Bettencourt
5%
Ministre des Anciens Combattants
Ministre des Anciens Combattants et Victimes de guerre
André Bord
5%
Ministre du Temps libreAndré Henry
5%
Ministre délégué à la CommunicationAndré Santini
5%
Ministre d'Etat, ministre des Transports
Ministre des Transports
Charles Fiterman
5%
Ministre des Relations extérieuresClaude Cheysson
5%
Ministre délégué à la Recherche et aux Nouvelles technologies
Ministre délégué aux Affaires européennes
Claudie Haigneré
5%
Ministre délégué à la FamilleDominique Bertinotti
5%
Ministre de l'Agriculture
Ministre de l'Equipement
Ministre de l'Equipement et du Logement
Ministre chargé de la Nouvelle-Calédonie
Edgard Pisani
5%
Ministre de la Santé publique et de l'Assurance maladieElisabeth Hubert
5%
Ministre de l'Equipement et du Logement
Ministre de l'Education nationale
Ministre de l'Economie et des Finances
Ministre du Développement industriel et scientifique
François-Xavier Ortoli
5%
Ministre de l'Enseignement supérieur et de la RechercheGeneviève Fioraso
5%
Ministre de l'EnvironnementHuguette Bouchardeau
5%
Ministre délégué chargé du Sahara, des Départements et territoires d'outre-mer et de l'Énergie atomiqueJacques Soustelle
5%
Ministre des Solidarités, de l'Autonomie et des Personnes handicapéesJean-Christophe Combe
5%
Ministre de la Coopération
Garde des Sceaux, Ministre de la Justice
Ministre de la Santé publique
Jean Foyer
5%
Ministre de la Santé, de la Famille et des Personnes handicapéesJean-François Mattei
5%
Ministre de l'Intérieur
Ministre des Relations avec le Parlement
Jean-Jacques Queyranne
5%
Ministre des RéformesJean-Jacques Servan-Schreiber
5%
Ministre de l'Economie et des Finances
Ministre de l'Equipement
Ministre de l'Equipement et de l'Aménagement du Territoire
Jean-Pierre Fourcade
5%
Ministre de l'Agriculture et de la Pêche
Ministre de la Fonction publique
Jean Puech
5%
Ministre des Affaires étrangèresJean Sauvagnargues
5%
Garde des Sceaux, Ministre de la JusticeJean Taittinger
5%
Ministre de la Santé Publique et de la Population
Ministre du Travail, de l'Emploi et de la Population
Ministre de l'Education nationale
Joseph Fontanet
5%
Ministre délégué aux Anciens combattantsKader Arif
5%
Ministre des P.T.T.
Ministre délégué chargé des P.T.T.
Louis Mexandeau
5%
Ministre de la VilleMaurice Leroy
5%
Ministre du Travail
Ministre délégué à l'Economie et aux Finances
Ministre de la Fonction publique et des Réformes administratives
Ministre d'Etat
Michel Durafour
5%
Ministre délégué à la Lutte contre la Précarité et l'Exclusion
Ministre délégué à l'Intégration, à l'Egalité des chances et à la Lutte contre l'exclusion
Ministre de l'Ecologie et du Développement durable
Nelly Olin
5%
Ministre délégué au DéveloppementPascal Canfin
5%
Garde des Sceaux, Ministre de la JusticePierre Arpaillange
5%
Ministre de la Construction
Ministre de l'Education nationale
Pierre Sudreau
5%
Ministre de l'Equipement et du Logement
Ministre délégué chargé de la Recherche scientifique et des Questions atomiques et spatiales
Ministre des Postes et Télécommunications
Ministre des Transports
Ministre des Armées
Ministre de l'Equipement
Ministre de la Coopération
Ministre de la Défense
Robert Galley
5%
Ministre délégué chargé de la Protection de la nature
et de l'Environnement
Robert Poujade
5%
Ministre délégué à la Formation professionnelle et à l'Apprentissage
Ministre délégué aux Affaires européennes
Thierry Repentin
5%
Ministre de l'Aménagement du Territoire et de l'EnvironnementYves Cochet
5%
Ministre des Postes et Télécommunications
Ministre de l'Information
Ministre des Transports
Ministre de l'Industrie, du Commerce et de l'Artisanat
Yves Guéna
5%
Ministre chargé de la Promotion de l'égalité des chancesAzouz Begag
4%
Ministre délégué aux Affaires européennes
Ministre de l'Equipement, des Transports et du Tourisme
Bernard Bosson
4%
Ministre délégué à l'InsertionBrigitte Klinkert
4%
Ministre de la Santé
Ministre délégué chargé de l'Energie
Edmond Hervé
4%
Ministre des Postes et Télécommunications
Ministre de la Fonction publique, de la Réforme de l'Etat et de la Décentralisation
Emile Zuccarelli
4%
Ministre d'Etat
Ministre conseiller
Félix Houphouët-Boigny
4%
Ministre délégué à l'Enseignement supérieur et à la Recherche
Ministre délégué au Commerce extérieur
Ministre délégué à l'Industrie
François Loos
4%
Ministre délégué aux Transports et à l'Economie maritime
Ministre délégué aux Transports, à la Mer et à la Pêche
Frédéric Cuvillier
4%
Ministre délégué aux PMEJean-Baptiste Lemoyne
4%
Ministre des Affaires étrangèresJean-Bernard Raimond
4%
Ministre de l'IntérieurJean Berthoin
4%
Ministre de l'Equipement, des Transports et du LogementJean-Claude Gayssot
4%
Ministre des Affaires sociales et de l'Intégration
Ministre de l'Equipement, du Logement et des Transports
Jean-Louis Bianco
4%
Ministre de l'Industrie et du Commerce
Ministre de l'Industrie
Ministre des Affaires Sociales
Ministre d'Etat
Jean-Marcel Jeanneney
4%
Ministre du Commerce et de l'Artisanat
Ministre des Postes et Télécommunications
Jean Royer
4%
Ministre des Départements et Territoires d'Outre-Mer
Ministre des Transports
Ministre de la Défense
Joël Le Theule
4%
Ministre délégué à l'Action humanitaire et aux Droits de l'hommeLucette Michaux-Chevry
4%
Ministre des Affaires culturellesMaurice Druon
4%
Ministre délégué à la Santé et à la FamilleMichèle Barzach
4%
Ministre de la CoopérationMichel Roussin
4%
Ministre délégué charge des Départements et Territoires d'Outre-Mer
Ministre délégué chargé du Tourisme
Olivier Stirn
4%
Ministre de l'IntérieurPierre Chatenet
4%
Ministre des Armées
Ministre délégué chargé de l'Energie atomique
Ministre délégué chargé de l'Energie atomique et de la Fonction Publique
Ministre de l'Education nationale
Pierre Guillaumat
4%
Ministre de l'Education nationaleRené Haby
4%
Ministre des Outre-merVictorin Lurel
4%
Ministre délégué à l'Environnement
Ministre de la Communication
Alain Carignon
3%
Ministre délégué chargé de la FrancophonieAlain Decaux
3%
Ministre délégué aux Affaires européennes
Ministre délégué au Budget
Alain Lamassoure
3%
Ministre délégué aux Relations avec le ParlementAlain Vidalies
3%
Ministre de l'Industrie
Ministre de l'Equipement et du Logement
Garde des Sceaux, Ministre de la Justice
Albin Chalandon
3%
Ministre des Anciens Combattants et Victimes de guerreAlexandre Sanguinetti
3%
Ministre des Universités
Ministre délégué chargé de la Famille et de la Condition féminine
Alice Saunier-Seïté
3%
Ministre de l'Education NationaleAndré Boulloche
3%
Ministre délégué chargé des Affaires européennesAndré Chandernagor
3%
Ministre délégué chargé des Relations avec le ParlementAndré Labarrère
3%
Ministre chargé des Relations avec le Parlement
Ministre de la Fonction publique
André Rossinot
3%
Ministre de la Santé Publique et de la Population
Garde des Sceaux, Ministre de la Justice
Bernard Chenot
3%
Ministre des Départements et Territoires d'Outre-MerBernard Stasi
3%
Ministre délégué chargé de la Santé
Ministre délégué chargé du Commerce extérieur
Bruno Durieux
3%
Ministre délégué à la Coopération et à la FrancophonieCharles Josselin
3%
Ministre de la Réforme de l'Etat, de la Décentralisation et de la CitoyennetéClaude Goasguen
3%
Ministre des Transports
Ministre délégué à l'Aménagement du Territoire et aux Collectivités locales
Daniel Hoeffel
3%
Ministre délégué chargé de la Jeunesse et des Sports
Ministre délégué des Affaires étrangères
Ministre délégué
Ministre de la Coopération et du Développement
Edwige Avice
3%
Ministre des Outre-MerEricka Bareigts
3%
Ministre déléguée chargée des Personnes handicapéesFadila Khattabi
3%
Ministre de l'Industrie, de la Poste et des TélécommunicationsFranck Borotra
3%
Ministre délégué à la RechercheFrançois d'Aubert
3%
Ministre délégué chargé du Commerce, de l'Artisanat et du Tourisme
Ministre délégué chargé du Commerce et de l'Artisanat
Ministre délégué à l'Artisanat, au Commerce et à la Consommation
François Doubin
3%
Ministre de la Fonction publiqueFrançois Sauvadet
3%
Ministre de la Jeunesse et des SportsFrédérique Bredin
3%
Ministre d'Etat, chargé de la Recherche scientifique et des Questions atomiques et spatialesGaston Palewski
3%
Ministre délégué à l'AgroalimentaireGuillaume Garot
3%
Ministre délégué aux Français de l'EtrangerHélène Conway-Mouret
3%
Ministre délégué aux Relations avec le ParlementHenri Cuq
3%
Ministre délégué aux Relations avec le Parlement
Ministre délégué à la Coopération
Henri de Raincourt
3%
Ministre délégué aux Personnes âgéesHubert Falco
3%
Ministre délégué chargé de l'EmploiJack Ralite
3%
Ministre délégué chargé de la MerJacques Mellick
3%
Ministre de la DéfenseJacques Soufflet
3%
Ministre délégué à la Recherche et à l'Enseignement supérieurJacques Valade
3%
Ministre du Travail
Ministre délégué aux Affaires sociales, chargé du Travail
Ministre de l'Urbanisme, du Logement et des Transports
Jean Auroux
3%
Ministre du Commerce extérieur
Ministre délégué chargé des Réformes administratives
Jean-François Deniau
3%
Ministre du Commerce extérieur
Ministre du Commerce extérieur et du Tourisme
Ministre délégué aux Postes et Télécommunications
Ministre délégué chargé du Commerce et de l'Artisanat
Jean-Marie Rausch
3%
Ministre de la Fonction publique, de la Réforme de l'Etat et de l'Aménagement du territoireJean-Paul Delevoye
3%
Ministre de l'Information
Ministre de la Culture et de la Communication
Jean-Philippe Lecat
3%
Ministre délégué chargé des Relations avec le Parlement
Ministre chargé des Relations avec le Parlement
Jean Poperen
3%
Ministre des Affaires étrangèresLouis de Guiringaud
3%
Ministre d'Etat
Ministre d'Etat, chargé du Sahara, des Territoires et départements d'Outre-Mer
Ministre d'Etat, chargé des Départements et Territoires d'Outre-Mer
Louis Jacquinot
3%
Ministre délégué chargé de la Coopération et du DéveloppementMarcel Debarge
3%
Ministre délégué aux Personnes handicapées
Ministre délégué aux Personnes handicapées et à la Luttecontre l'exclusion
Marie-Arlette Carlotti
3%
Ministre du BudgetMartin Malvy
3%
Ministre du Travail, de l'Emploi et de la Formation professionnelle
Ministre des Affaires sociales et de l'Emploi
Ministre des Transports et de la Mer
Ministre de l'Equipement, du Logement, des Transports et de la Mer
Ministre d'Etat, Ministre de la Ville
Ministre d'Etat, Ministre de la Ville et de l'Aménagement du Territoire
Ministre d'Etat, chargé de la Fonction publique et des Réformes administratives
Michel Delebarre
3%
Ministre délégué aux Personnes âgées et à la Dépendance
Ministre délégué aux Personnes âgées et à l'Autonomie
Michèle Delaunay
3%
Ministre d'Etat, ministre de la Solidarité nationale
Ministre de la Solidarité nationale
Nicolas Questiaux
3%
Ministre de l'Urbanisme et du Logement
Ministre de l'Urbanisme, du Logement et des Transports
Ministre de la Défense
Ministre des Postes et Télécommunications et de l'Espace
Ministre de l'Equipement, du Logement, des Transports et de l'Espace
Ministre de l'Intérieur et de la Sécurité publique
Paul Quiliès
3%
Ministre de la CoopérationPierre Abelin
3%
Ministre du Logement
Ministre délégué au Logement
Pierre-André Périssol
3%
Ministre de l'IndustriePierre Dreyfus
3%
Garde des Sceaux, Ministre de la JusticeRené Capitant
3%
Ministre délégué à la SécuritéRobert Pandraud
3%
Ministre de l'Industrie, du Commerce extérieur et de l'Aménagement du Territoire
Ministre de l'Industrie et de l'Aménagement du Territoire
Roger Fauroux
3%
Ministre du Logement
Ministre de l'Urbanisme et du Logement
Roger Quilliot
3%
Ministre de la Jeunesse et des SportsRoland Nungesser
3%
Ministre des Finances et des Affaires économiquesWilfrid Baumgartner
3%
Ministre délégué chargé Droits de la Femme
Ministre des Droits de la Femme
Yvette Roudy
3%
Ministre de la Qualité de VieAndré Jarrot
2%
Ministre du Travail
Ministre de l'Education nationale
Christian Beullac
2%
Ministre chargé de l'Intégration et de la Lutte contre l'exclusion
Ministre délégué à la Ville et à l'Intégration
Eric Raoult
2%
Ministre des Rapatriés
Ministre de la Jeunesse et des Sports
François Missoffe
2%
Ministre délégué au Commerce, à l'Artisanat et aux ServicesGeorges Chavanes
2%
Ministre de la Coopération
Ministre de l'Information
Ministre du Travail, de l'Emploi et de la Population
Georges Gorse
2%
Ministre délégué chargé du Commerce et de l'ArtisanatGilbert Baumet
2%
Ministre des Anciens Combattants et Victimes de guerreHenri Duvillard
2%
Ministre de la Recherche et de la Technologie
Ministre délégué chargé de la Recherche
Ministre de la Recherche et de la Technologie
Hubert Curien
2%
Ministre délégué chargé de l'Aménagement du Territoire et des ReconversionsJacques Chérèque
2%
Ministre délégué aux TransportsJacques Douffiagues
2%
Ministre délégué chargé de la CoopérationJacques Godfrain
2%
Ministre de la ConstructionJacques Maziol
2%
Ministre de l'Outre-Mer
Ministre délégué de l'Outre-Mer
Jean-Jacques de Peretti
2%
Ministre du Commerce, de l'Artisanat et du TourismeJean-Marie Bockel
2%
Ministre des Anciens Combattants et Victimes de guerreJean Sainteny
2%
Ministre chargé des Relations avec le ParlementJoseph Comiti
2%
Ministre délégué au Logement et à la Ville
Ministre de la Jeunesse et des Solidarités actives
Marc-Philippe Daubresse
2%
Ministre délégué à l'Outre-MerMarie-Luce Penchard
2%
Ministre du Commerce extérieur
Ministre délégué
Norbert Ségard
2%
Ministre des Anciens combattants et Victimes de guerrePhilippe Mestre
2%
Ministre délégué à la Coopération et à la FrancophoniePierre-André Wiltzer
2%
Ministre du Commerce et de l'ArtisanatPierre Brousse
2%
Ministre des Anciens combattants et des Victimes de guerre
Ministre délégué des Anciens combattants et des Victimes de guerre
Pierre Pasquini
2%
Ministre des TransportsRaymond Mondon
2%
Ministre des Anciens Combattants
Ministre des Anciens Combattants et Victimes de guerre
Ministre délégué chargé de la Coopération
Raymond Triboulet
2%
Ministre de la Fonction publique et de la Réforme de l'Etat
Ministre des PME, du Commerce, de l'Artisanat et des Professions libérales
Renaud Dutreil
2%
Ministre des Travaux Publics et des TransportsRobert Buron
2%
Ministre d'Etat
Ministre d'Etat, chargé de la Coopération
Ministre d'Etat, chargé du Sahara, et des Territoires et départements d'Outre-Mer
Robert Lecourt
2%
Ministre délégué pour les Relations avec le Parlement
Ministre des Travaux publics et des Transports
Roger Dusseaulx
2%
Ministre de l'AgricultureRoger Houdet
2%
Ministre délégué aux Relations avec le Sénat et aux Rapatriés
Ministre des Relations avec le Parlement
Roger Romani
2%
Ministre du Commerce et de l'Artisanat
Ministre de la Qualité de Vie
Vincent Ansquer
2%
Ministre délégué aux Collectivités locales
Ministre de l'Industrie
Ministre délégué aux Finances et au Commerce extérieur
Yves Galland
2%
Ministre délégué chargé de la Jeunesse et des SportsAlain Calmat
1%
Ministre délégué chargé de l'EnergiéAndré Billardon
1%
Ministre du Commerce et de l'ArtisanatAndré Delelis
1%
Ministre de la Qualité de VieAndré Fosset
1%
Ministre délégué pour l'EmploiAnne-Marie Couderc
1%
Ministre délégué à la DécentralisationAnne-Marie Escoffier
1%
Ministre des Postes et TélécommunicationsBernard Cornut-Gentille
1%
Ministre délégué à la Privatisation
Ministre délégué à la Réforme administrative
Ministre délégué aux Rapatriés et à la Réforme administrative
Camille Cabana
1%
Ministre de la ConsommationCatherine Lalumière
1%
Ministre chargé de la Recherche scientifique et des Questions atomiques et spatialesChristian de La Malène
1%
Ministre délégué chargé de la Coopération et du DéveloppementChristian Nucci
1%
Ministre délégué aux PME, au Commerce, à l'Artisanat et aux ConsommationChristian Pierret
1%
Ministre de la Solidarité entre les générationsColette Codaccioni
1%
Ministre de l'Equipement et de l'Aménagement du TerritoireFernand Icart
1%
Ministre de la CommunicationGeorges Fillioud
1%
Ministre du TravailGilbert Grandval
1%
Ministre délégué aux Anciens CombattantsHamlaoui Mékachéra
1%
Ministre de l'AgricultureHenri Rochereau
1%
Ministre des Postes et TélécommunicationsJacques Marette
1%
Ministre des TransportsJean Chamant
1%
Ministre de Développement industriel et scientifiqueJean Charbonnel
1%
Ministre de la CoopérationJean de Lipkowski
1%
Ministre des Anciens CombattantsJean Laurain
1%
Ministre délégué chargé de l'EmploiJean Le Garrec
1%
Ministre du Travail et de la ParticipationJean Mattéoli
1%
Ministre de l'Education nationaleLucien Paye
1%
Ministre de la Formation professionelleMarcel Rigout
1%
Ministre des Travaux Publics et des TransportsMarc Jacquet
1%
Ministre de la Famille et de l'Enfance
Ministre délégué à l'Intérieur
Marie-Josée Roig
1%
Ministre du Commerce extérieur et de l'ArtisanatMaurice Charretier
1%
Ministre de la CoopérationMichel Aurillac
1%
Ministre de l'Agriculture
Ministre du Commerce extérieur
Michel Cointat
1%
Ministre des Postes et Télécommunications
Ministre de l'Industrie
Michel Maurice-Bokanowski
1%
Ministre délégué à la Parité et à l'Egalité professionnelle
Ministre de la Parité et de l'Egalité professionnelle
Nicole Ameline
1%
Ministre du TravailPaul Bacon
1%
Ministre de l'Information
Ministre de la Fonction publique
Philippe Malaud
1%
Ministre délégué aux Collectivités territorialesPhilippe Richert
1%
Ministre d'Etat, chargé des Départements et Territoires d'Outre-MerPierre Billotte
1%
Ministre délégué chargé de l'Agriculture et de la ForêtRené Souchon
1%
Ministre des Affaires sociales et de l'IntégrationRené Teulade
1%
Ministre conseillerGabriel Lisette
0%
Ministre de l'Information
Ministre délégué
Louis Terrenoire
0%
Ministre conseillerPhilibert Tsiranana
0%

Distribution des résultats

Percentile par nombre de réponses

% des personnes avec chaque résultat

Votre développement - résultats

Vous n’avez pas pris ce quiz depuis la dernière actualisation